| 000 | 00876 a2200229 4500 | ||
|---|---|---|---|
| 003 | UA-OsUOA | ||
| 005 | 20231102104647.0 | ||
| 008 | 231102b un ||||| |||| 00| 0 ukr d | ||
| 020 | _a9669560764 | ||
| 040 |
_aUA-OsUOA _bukr _cUA-OsUOA _dUA-OsUOA |
||
| 041 | _aukr | ||
| 080 | _a72.03 | ||
| 090 |
_a72.03 _bШ69 |
||
| 100 | _aШліпченко С. | ||
| 245 |
_aАрхітектурні принципи постмодернізму _cСвітлана Шліпченко |
||
| 260 |
_aК. _bВсесвіт _c2000 |
||
| 300 |
_a240 с. _bіл. |
||
| 650 |
_2UDC _a72.03 Періоди та фази розвитку архітектури. Школи, напрями, стилі та впливи |
||
| 942 |
_cBK _2udc |
||
| 955 | _a2 | ||
| 999 |
_c575344 _d575344 |
||